[Event "Blondes - Brunettes"]
[Site "Moscow"]
[Date "2020.03.15"]
[Round "7.5"]
[White "Voit, Daria"]
[Black "Zhukova, Natalia"]
[Result "0-1"]
[BlackElo "2423"]
[WhiteElo "2326"]
[LiveChessVersion "1.4.8"]

1. d4 {[%clk 0:03:03]} Nf6 {[%clk 0:03:03]} 2. Nf3 {[%clk 0:03:04]} d5
{[%clk 0:03:04]} 3. c4 {[%clk 0:03:05]} e6 {[%clk 0:03:05]} 4. g3
{[%clk 0:03:05]} c5 {[%clk 0:02:59]} 5. cxd5 {[%clk 0:03:04]} Nxd5
{[%clk 0:02:59]} 6. e4 {[%clk 0:02:42]} Nb6 {[%clk 0:02:44]} 7. Nc3
{[%clk 0:02:35]} Nc6 {[%clk 0:02:40]} 8. Be3 {[%clk 0:02:17]} cxd4
{[%clk 0:02:21]} 9. Nxd4 {[%clk 0:02:17]} Ne5 {[%clk 0:02:21]} 10. f4
{[%clk 0:01:57]} Ned7 {[%clk 0:02:07]} 11. Be2 {[%clk 0:01:48]} Be7
{[%clk 0:01:58]} 12. O-O {[%clk 0:01:47]} O-O {[%clk 0:01:59]} 13. Rc1
{[%clk 0:01:47]} e5 {[%clk 0:01:20]} 14. Nf5 {[%clk 0:01:44]} Bc5
{[%clk 0:01:13]} 15. Nd5 {[%clk 0:01:18]} Nxd5 {[%clk 0:00:50]} 16. Qxd5
{[%clk 0:00:53]} Bxe3+ {[%clk 0:00:51]} 17. Nxe3 {[%clk 0:00:53]} Qb6
{[%clk 0:00:51]} 18. Qb3 {[%clk 0:00:49]} exf4 {[%clk 0:00:44]} 19. Rxf4
{[%clk 0:00:18]} Qxb3 {[%clk 0:00:23]} 20. axb3 {[%clk 0:00:18]} Nb6
{[%clk 0:00:25]} 21. Rc7 {[%clk 0:00:15]} Be6 {[%clk 0:00:24]} 22. Rxb7
{[%clk 0:00:13]} Bxb3 {[%clk 0:00:25]} 23. Nf5 {[%clk 0:00:13]} Be6
{[%clk 0:00:21]} 24. Nd4 {[%clk 0:00:12]} Bc8 {[%clk 0:00:09]} 25. Rc7
{[%clk 0:00:13]} Bd7 {[%clk 0:00:05]} 26. Kf2 {[%clk 0:00:11]} Rfc8
{[%clk 0:00:06]} 27. Rxc8+ {[%clk 0:00:10]} Rxc8 {[%clk 0:00:08]} 28. Ke3
{[%clk 0:00:11]} a5 {[%clk 0:00:09]} 29. Rf1 {[%clk 0:00:11]} a4 {[%clk 0:00:10]}
30. Rd1 {[%clk 0:00:09]} g6 {[%clk 0:00:10]} 31. Nf3 {[%clk 0:00:08]} Re8
{[%clk 0:00:11]} 32. Rd6 {[%clk 0:00:08]} Rb8 {[%clk 0:00:09]} 33. Ne5 Be8 34.
Kd4 {[%clk 0:00:09]} Nc8 {[%clk 0:00:08]} 35. Ra6 {[%clk 0:00:07]} Ne7
{[%clk 0:00:08]} 36. Nd3 {[%clk 0:00:05]} Nc6+ {[%clk 0:00:08]} 37. Ke3
{[%clk 0:00:05]} Kg7 {[%clk 0:00:07]} 38. Bd1 {[%clk 0:00:06]} Nb4
{[%clk 0:00:08]} 39. Nxb4 Rxb4 40. Ra8 {[%clk 0:00:07]} Bc6 {[%clk 0:00:11]} 41.
Ra6 {[%clk 0:00:08]} Rxe4+ {[%clk 0:00:08]} 42. Kd3 {[%clk 0:00:09]} Re6
{[%clk 0:00:07]} 43. Kd4 {[%clk 0:00:10]} Rd6+ {[%clk 0:00:07]} 44. Kc5
{[%clk 0:00:11]} Rxd1 {[%clk 0:00:08]} 45. Kxc6 {[%clk 0:00:11]} Rd2
{[%clk 0:00:08]} 46. Rxa4 {[%clk 0:00:11]} Rxb2 {[%clk 0:00:09]} 47. h4
{[%clk 0:00:10]} f5 {[%clk 0:00:05]} 48. Ra3 {[%clk 0:00:09]} Kf6
{[%clk 0:00:06]} 49. Kd5 {[%clk 0:00:09]} Rd2+ {[%clk 0:00:08]} 50. Kc4
{[%clk 0:00:10]} h6 {[%clk 0:00:08]} 51. Ra6+ {[%clk 0:00:09]} Kf7
{[%clk 0:00:09]} 52. Ra7+ {[%clk 0:00:09]} Ke6 {[%clk 0:00:10]} 53. Ra6+
{[%clk 0:00:10]} Rd6 {[%clk 0:00:11]} 54. Ra3 {[%clk 0:00:11]} g5
{[%clk 0:00:12]} 55. hxg5 {[%clk 0:00:11]} hxg5 {[%clk 0:00:13]} 56. Kc5
{[%clk 0:00:12]} Rd5+ {[%clk 0:00:13]} 57. Kc4 {[%clk 0:00:13]} Rd8
{[%clk 0:00:14]} 58. Re3+ {[%clk 0:00:14]} Kf6 {[%clk 0:00:15]} 59. Ra3
{[%clk 0:00:15]} g4 {[%clk 0:00:13]} 60. Ra6+ {[%clk 0:00:14]} Ke5
{[%clk 0:00:13]} 61. Ra3 {[%clk 0:00:11]} Ke4 {[%clk 0:00:15]} 62. Kc5
{[%clk 0:00:12]} Rd3 {[%clk 0:00:13]} 63. Ra4+ {[%clk 0:00:10]} Ke5
{[%clk 0:00:13]} 64. Ra5 {[%clk 0:00:08]} Rxg3 {[%clk 0:00:13]} 65. Kd4+ 0-1

[Event "Blondes - Brunettes"]
[Site "Moscow"]
[Date "2020.03.15"]
[Round "7.6"]
[White "Shuvalova, Polina"]
[Black "Maltsevskaya, Aleksandra"]
[Result "0-1"]
[BlackElo "2306"]
[WhiteElo "2319"]
[LiveChessVersion "1.4.8"]

1. e4 {[%clk 0:03:03]} c5 {[%clk 0:03:03]} 2. Nf3 {[%clk 0:03:04]} g6
{[%clk 0:03:02]} 3. c3 {[%clk 0:03:05]} Bg7 {[%clk 0:03:02]} 4. d4
{[%clk 0:03:06]} cxd4 5. cxd4 d5 {[%clk 0:03:03]} 6. e5 {[%clk 0:03:09]} Nh6
{[%clk 0:03:00]} 7. Nc3 {[%clk 0:03:08]} O-O {[%clk 0:02:58]} 8. Be2
{[%clk 0:02:56]} Nc6 {[%clk 0:02:52]} 9. h3 {[%clk 0:02:54]} f6 {[%clk 0:02:51]}
10. exf6 {[%clk 0:02:54]} exf6 {[%clk 0:02:52]} 11. O-O {[%clk 0:02:49]} Nf7
{[%clk 0:02:51]} 12. Qb3 {[%clk 0:02:45]} Be6 {[%clk 0:02:35]} 13. Re1
{[%clk 0:02:41]} Re8 {[%clk 0:02:29]} 14. Bf4 {[%clk 0:02:32]} f5
{[%clk 0:02:11]} 15. Bb5 {[%clk 0:02:29]} g5 {[%clk 0:02:03]} 16. Bxc6
{[%clk 0:01:52]} bxc6 {[%clk 0:02:02]} 17. Be5 {[%clk 0:01:37]} g4
{[%clk 0:01:29]} 18. hxg4 {[%clk 0:00:34]} fxg4 {[%clk 0:01:30]} 19. Nd2
{[%clk 0:00:24]} Nxe5 {[%clk 0:01:28]} 20. dxe5 {[%clk 0:00:10]} d4
{[%clk 0:01:29]} 21. Qb4 {[%clk 0:00:07]} dxc3 {[%clk 0:01:24]} 22. Qxc3
{[%clk 0:00:09]} g3 {[%clk 0:01:13]} 23. f4 {[%clk 0:00:06]} Qh4 {[%clk 0:01:06]}
24. Qf3 {[%clk 0:00:06]} Bg4 {[%clk 0:01:03]} 25. Qe3 {[%clk 0:00:05]} Rad8
{[%clk 0:00:32]} 26. Ne4 {[%clk 0:00:05]} Qh2+ {[%clk 0:00:20]} 27. Kf1
{[%clk 0:00:07]} Qh1+ {[%clk 0:00:21]} 28. Qg1 {[%clk 0:00:08]} Qxg1+
{[%clk 0:00:21]} 29. Kxg1 {[%clk 0:00:10]} Rd4 {[%clk 0:00:21]} 30. Rac1
{[%clk 0:00:08]} Be6 {[%clk 0:00:16]} 31. Rxc6 {[%clk 0:00:06]} Bd5
{[%clk 0:00:16]} 32. Nf6+ {[%clk 0:00:06]} Bxf6 {[%clk 0:00:17]} 33. Rxf6
{[%clk 0:00:07]} Rd2 {[%clk 0:00:17]} 34. Re3 {[%clk 0:00:04]} Rd1+
{[%clk 0:00:16]} 0-1

[Event "Blondes - Brunettes"]
[Site "Moscow"]
[Date "2020.03.15"]
[Round "7.7"]
[White "Dordzhieva, Dinara"]
[Black "Danielian, Elina"]
[Result "1-0"]
[BlackElo "2262"]
[WhiteElo "2273"]
[LiveChessVersion "1.4.8"]

1. Nf3 {[%clk 0:03:03]} d5 {[%clk 0:03:00]} 2. g3 {[%clk 0:03:04]} c6
{[%clk 0:03:01]} 3. Bg2 {[%clk 0:03:05]} Bg4 {[%clk 0:03:02]} 4. c4
{[%clk 0:03:00]} e6 {[%clk 0:02:50]} 5. cxd5 {[%clk 0:02:50]} exd5
{[%clk 0:02:47]} 6. O-O {[%clk 0:02:46]} Nf6 {[%clk 0:02:43]} 7. h3
{[%clk 0:02:42]} Bxf3 {[%clk 0:02:37]} 8. Bxf3 {[%clk 0:02:43]} Nbd7
{[%clk 0:02:35]} 9. d4 {[%clk 0:02:44]} Bd6 {[%clk 0:02:30]} 10. Qb3
{[%clk 0:02:42]} Qb6 {[%clk 0:02:24]} 11. Qe3+ {[%clk 0:02:43]} Kf8
{[%clk 0:02:19]} 12. Nc3 {[%clk 0:02:43]} h6 {[%clk 0:02:03]} 13. Bg2
{[%clk 0:02:43]} Re8 {[%clk 0:01:58]} 14. Qd3 {[%clk 0:02:44]} g6
{[%clk 0:01:51]} 15. f4 {[%clk 0:01:50]} Kg7 {[%clk 0:01:48]} 16. f5
{[%clk 0:01:52]} Ne5 {[%clk 0:00:54]} 17. Qd1 {[%clk 0:01:44]} Nc4
{[%clk 0:00:48]} 18. fxg6 {[%clk 0:00:57]} fxg6 {[%clk 0:00:48]} 19. Qd3
{[%clk 0:00:58]} Be5 {[%clk 0:00:09]} 20. Rd1 {[%clk 0:00:14]} Bd6
{[%clk 0:00:04]} 21. Rf1 {[%clk 0:00:15]} Be5 {[%clk 0:00:05]} 22. Rd1
{[%clk 0:00:16]} Rhf8 {[%clk 0:00:07]} 23. b3 {[%clk 0:00:16]} Nd6
{[%clk 0:00:04]} 24. Na4 {[%clk 0:00:15]} Qa5 {[%clk 0:00:03]} 25. dxe5
{[%clk 0:00:15]} Rxe5 {[%clk 0:00:04]} 26. Bb2 {[%clk 0:00:17]} Rf5
{[%clk 0:00:05]} 27. Rf1 {[%clk 0:00:18]} b5 {[%clk 0:00:05]} 28. Nc5
{[%clk 0:00:18]} Qb6 29. Bd4 {[%clk 0:00:19]} Kh7 {[%clk 0:00:05]} 30. Ne6
{[%clk 0:00:18]} Qb8 {[%clk 0:00:06]} 31. Nxf8+ {[%clk 0:00:18]} Qxf8
{[%clk 0:00:07]} 32. Rxf5 {[%clk 0:00:20]} Nxf5 {[%clk 0:00:08]} 33. Rf1
{[%clk 0:00:20]} Qe7 {[%clk 0:00:06]} 34. Bxf6 {[%clk 0:00:20]} Qxf6
{[%clk 0:00:07]} 35. g4 {[%clk 0:00:22]} 1-0

[Event "Blondes - Brunettes"]
[Site "Moscow"]
[Date "2020.03.15"]
[Round "7.8"]
[White "Guseva, Marina"]
[Black "Girya, Olga"]
[Result "0-1"]
[BlackElo "2250"]
[WhiteElo "2259"]
[LiveChessVersion "1.4.8"]

1. d4 {[%clk 0:03:03]} d5 {[%clk 0:03:02]} 2. c4 c6 3. Nc3 {[%clk 0:03:05]} Nf6
{[%clk 0:03:05]} 4. e3 e6 5. Nf3 {[%clk 0:03:06]} Nbd7 {[%clk 0:03:08]} 6. Bd3
{[%clk 0:03:06]} dxc4 {[%clk 0:03:08]} 7. Bxc4 b5 8. Bd3 {[%clk 0:03:08]} b4
{[%clk 0:03:04]} 9. Ne4 {[%clk 0:03:07]} Nxe4 {[%clk 0:03:03]} 10. Bxe4
{[%clk 0:03:08]} Bb7 {[%clk 0:03:04]} 11. O-O {[%clk 0:03:03]} Nf6
{[%clk 0:03:02]} 12. Bd3 {[%clk 0:03:01]} Bd6 {[%clk 0:02:58]} 13. a3
{[%clk 0:03:01]} bxa3 {[%clk 0:02:56]} 14. b4 {[%clk 0:03:01]} a5
{[%clk 0:02:53]} 15. b5 {[%clk 0:02:56]} O-O {[%clk 0:02:48]} 16. Bxa3
{[%clk 0:02:45]} cxb5 {[%clk 0:02:28]} 17. Bxb5 {[%clk 0:02:41]} Nd5
{[%clk 0:02:13]} 18. Bxd6 {[%clk 0:02:18]} Qxd6 {[%clk 0:02:12]} 19. Qd2
{[%clk 0:02:18]} Nb4 {[%clk 0:02:01]} 20. Rfc1 {[%clk 0:02:04]} Bxf3
{[%clk 0:01:30]} 21. gxf3 {[%clk 0:02:05]} Rfd8 {[%clk 0:01:26]} 22. Qe2
{[%clk 0:01:49]} e5 {[%clk 0:01:17]} 23. dxe5 {[%clk 0:01:47]} Qxe5
{[%clk 0:01:18]} 24. f4 {[%clk 0:01:45]} Qf6 {[%clk 0:01:20]} 25. Qf3
{[%clk 0:01:36]} h6 {[%clk 0:00:55]} 26. Ra4 {[%clk 0:00:40]} Qb2
{[%clk 0:00:40]} 27. Rd1 {[%clk 0:00:23]} Rxd1+ {[%clk 0:00:15]} 28. Qxd1 Rc8 29.
Qf3 {[%clk 0:00:07]} Nc2 {[%clk 0:00:12]} 30. Rc4 {[%clk 0:00:04]} Qb1+
{[%clk 0:00:08]} 31. Kg2 {[%clk 0:00:00]} Ne1+ {[%clk 0:00:08]} 32. Kg3 0-1

[Event "Blondes - Brunettes"]
[Site "Moscow"]
[Date "2020.03.15"]
[Round "7.9"]
[White "Mirzoeva, Elmira"]
[Black "Kovalevskaya, Ekaterina"]
[Result "1/2-1/2"]
[BlackElo "2243"]
[WhiteElo "2135"]
[LiveChessVersion "1.4.8"]

1. Nf3 {[%clk 0:03:04]} Nf6 {[%clk 0:03:04]} 2. c4 {[%clk 0:03:05]} c5
{[%clk 0:03:05]} 3. Nc3 {[%clk 0:03:04]} Nc6 {[%clk 0:03:05]} 4. g3
{[%clk 0:03:04]} e5 {[%clk 0:02:58]} 5. Bg2 {[%clk 0:03:03]} Be7 {[%clk 0:02:58]}
6. d3 {[%clk 0:03:02]} O-O {[%clk 0:02:57]} 7. Nd2 {[%clk 0:03:03]} d6
{[%clk 0:02:56]} 8. Nf1 {[%clk 0:03:03]} Be6 {[%clk 0:02:54]} 9. Ne3
{[%clk 0:03:03]} Qd7 {[%clk 0:02:55]} 10. O-O {[%clk 0:03:01]} Bh3
{[%clk 0:02:53]} 11. a3 {[%clk 0:02:59]} Bxg2 {[%clk 0:02:52]} 12. Kxg2
{[%clk 0:03:00]} Bd8 {[%clk 0:02:23]} 13. Rb1 {[%clk 0:02:57]} Nd4
{[%clk 0:02:08]} 14. b4 {[%clk 0:02:52]} cxb4 {[%clk 0:01:54]} 15. axb4
{[%clk 0:02:49]} Ne8 {[%clk 0:01:46]} 16. Ned5 {[%clk 0:02:44]} f5
{[%clk 0:01:40]} 17. Be3 {[%clk 0:02:28]} Ne6 {[%clk 0:01:38]} 18. f4
{[%clk 0:02:15]} Bf6 {[%clk 0:01:27]} 19. Qa4 {[%clk 0:02:00]} Qf7
{[%clk 0:01:09]} 20. Nxf6+ {[%clk 0:01:20]} Nxf6 {[%clk 0:01:05]} 21. fxe5
{[%clk 0:01:14]} Ng4 {[%clk 0:00:59]} 22. Bg1 {[%clk 0:01:13]} dxe5
{[%clk 0:00:57]} 23. h3 {[%clk 0:01:07]} Nh6 {[%clk 0:00:57]} 24. Nd5
{[%clk 0:01:03]} f4 {[%clk 0:00:48]} 25. g4 {[%clk 0:00:41]} Kh8 {[%clk 0:00:46]}
26. Qa1 {[%clk 0:00:35]} Qg6 {[%clk 0:00:27]} 27. Qxe5 {[%clk 0:00:33]} Nxg4
{[%clk 0:00:24]} 28. hxg4 {[%clk 0:00:13]} Qxg4+ {[%clk 0:00:24]} 29. Kh1
{[%clk 0:00:15]} Rf5 {[%clk 0:00:24]} 30. Qe4 {[%clk 0:00:13]} Raf8
{[%clk 0:00:14]} 31. Qg2 {[%clk 0:00:12]} Qh5+ {[%clk 0:00:11]} 32. Bh2
{[%clk 0:00:12]} Qh6 {[%clk 0:00:10]} 33. Rg1 {[%clk 0:00:07]} f3 34. exf3
{[%clk 0:00:08]} Rxf3 {[%clk 0:00:08]} 35. Rbf1 {[%clk 0:00:09]} Nd4
{[%clk 0:00:08]} 36. Nc3 Qf6 {[%clk 0:00:05]} 37. Ne4 {[%clk 0:00:04]} Qh6
{[%clk 0:00:05]} 38. Nc3 {[%clk 0:00:04]} Qf6 {[%clk 0:00:05]} 39. Ne4
{[%clk 0:00:05]} Qh6 {[%clk 0:00:07]} 40. Ng3 {[%clk 0:00:05]} R3f6
{[%clk 0:00:06]} 41. Rxf6 {[%clk 0:00:05]} Rxf6 {[%clk 0:00:07]} 42. Rf1
{[%clk 0:00:07]} Rxf1+ {[%clk 0:00:06]} 43. Qxf1 {[%clk 0:00:08]} Kg8
{[%clk 0:00:07]} 44. Kg2 {[%clk 0:00:09]} Qd2+ {[%clk 0:00:07]} 45. Qf2
{[%clk 0:00:10]} Qxd3 {[%clk 0:00:08]} 46. Qb2 {[%clk 0:00:10]} Qf3+
{[%clk 0:00:07]} 47. Kg1 {[%clk 0:00:11]} Qe3+ {[%clk 0:00:07]} 48. Qf2
{[%clk 0:00:12]} Qc1+ {[%clk 0:00:08]} 49. Kg2 {[%clk 0:00:12]} Qxc4
{[%clk 0:00:08]} 50. Ne4 {[%clk 0:00:12]} Qd5 {[%clk 0:00:09]} 51. Qf4
{[%clk 0:00:10]} h6 {[%clk 0:00:10]} 52. Qb8+ {[%clk 0:00:10]} Kh7
{[%clk 0:00:11]} 53. Qe5 {[%clk 0:00:11]} Qxe5 {[%clk 0:00:11]} 54. Bxe5
{[%clk 0:00:12]} Nc6 {[%clk 0:00:12]} 55. Bc3 {[%clk 0:00:12]} g5
{[%clk 0:00:09]} 56. b5 {[%clk 0:00:13]} Nb8 {[%clk 0:00:08]} 57. Nd6
{[%clk 0:00:12]} b6 {[%clk 0:00:09]} 58. Nc8 {[%clk 0:00:14]} a6 {[%clk 0:00:10]}
59. bxa6 {[%clk 0:00:12]} Nxa6 {[%clk 0:00:12]} 60. Nxb6 {[%clk 0:00:13]} Kg6
1/2-1/2

[Event "Blondes - Brunettes"]
[Site "Moscow"]
[Date "2020.03.15"]
[Round "7.10"]
[White "Kosteniuk, Oksana"]
[Black "Bivol, Alina"]
[Result "0-1"]
[BlackElo "2219"]
[WhiteElo "1927"]
[LiveChessVersion "1.4.8"]

1. Nf3 {[%clk 0:03:03]} Nf6 {[%clk 0:03:00]} 2. g3 {[%clk 0:03:04]} g6
{[%clk 0:03:00]} 3. Bg2 {[%clk 0:03:05]} Bg7 {[%clk 0:03:01]} 4. O-O
{[%clk 0:03:05]} O-O {[%clk 0:03:01]} 5. c4 {[%clk 0:03:05]} d6 {[%clk 0:03:02]}
6. d4 {[%clk 0:03:00]} Nbd7 {[%clk 0:03:02]} 7. Nc3 {[%clk 0:02:59]} e5
{[%clk 0:03:03]} 8. dxe5 {[%clk 0:02:52]} Nxe5 {[%clk 0:03:01]} 9. Bg5
{[%clk 0:02:46]} Nxf3+ {[%clk 0:02:54]} 10. Bxf3 {[%clk 0:02:44]} h6
{[%clk 0:02:55]} 11. Be3 {[%clk 0:02:31]} Ng4 {[%clk 0:02:45]} 12. Bd4
{[%clk 0:02:20]} Ne5 {[%clk 0:02:45]} 13. Bg2 {[%clk 0:01:42]} Be6
{[%clk 0:02:39]} 14. Bxb7 {[%clk 0:01:27]} Rb8 {[%clk 0:02:39]} 15. Bd5
{[%clk 0:01:17]} Rxb2 {[%clk 0:02:08]} 16. Bxe6 {[%clk 0:01:05]} fxe6
{[%clk 0:02:09]} 17. Nb5 {[%clk 0:00:58]} Rb4 {[%clk 0:01:57]} 18. a3
{[%clk 0:00:47]} Rxc4 {[%clk 0:01:56]} 19. f4 {[%clk 0:00:35]} a6
{[%clk 0:01:50]} 20. Nc3 {[%clk 0:00:26]} Rxd4 {[%clk 0:01:50]} 21. Qb3
{[%clk 0:00:16]} Nd7 {[%clk 0:01:28]} 22. e3 {[%clk 0:00:15]} Rd3
{[%clk 0:01:25]} 23. Qxe6+ {[%clk 0:00:14]} Kh7 {[%clk 0:01:26]} 24. Ne4
{[%clk 0:00:14]} Re8 {[%clk 0:01:17]} 25. Qc4 {[%clk 0:00:15]} Rxe3
{[%clk 0:01:17]} 26. Rae1 {[%clk 0:00:14]} Rxe1 {[%clk 0:01:01]} 27. Rxe1
{[%clk 0:00:15]} Nc5 {[%clk 0:01:00]} 0-1

[Event "Blondes - Brunettes"]
[Site "Moscow"]
[Date "2020.03.15"]
[Round "8.1"]
[White "Obolentseva, Alexandra"]
[Black "Kosteniuk, Alexandra"]
[Result "0-1"]
[BlackElo "2521"]
[WhiteElo "2113"]
[LiveChessVersion "1.4.8"]

1. d4 {[%clk 0:03:02]} Nf6 {[%clk 0:03:04]} 2. c4 {[%clk 0:03:03]} e6
{[%clk 0:03:05]} 3. Nc3 {[%clk 0:03:04]} Bb4 {[%clk 0:03:06]} 4. Qc2
{[%clk 0:03:05]} d6 {[%clk 0:03:06]} 5. Nf3 {[%clk 0:03:05]} O-O {[%clk 0:03:03]}
6. e4 {[%clk 0:03:05]} e5 {[%clk 0:02:57]} 7. d5 {[%clk 0:03:02]} Nbd7
{[%clk 0:02:50]} 8. Nd2 {[%clk 0:02:59]} a5 {[%clk 0:02:47]} 9. Be2
{[%clk 0:02:52]} Nc5 {[%clk 0:02:41]} 10. f3 {[%clk 0:02:40]} a4 {[%clk 0:02:42]}
11. O-O {[%clk 0:02:38]} Bd7 {[%clk 0:02:34]} 12. Ndb1 {[%clk 0:02:12]} Nh5
{[%clk 0:02:31]} 13. Be3 {[%clk 0:02:10]} f5 {[%clk 0:02:23]} 14. a3
{[%clk 0:02:08]} Nb3 {[%clk 0:02:23]} 15. Ra2 {[%clk 0:01:59]} Bc5
{[%clk 0:02:20]} 16. Bxc5 {[%clk 0:01:58]} dxc5 {[%clk 0:02:15]} 17. g3
{[%clk 0:01:52]} Nd4 {[%clk 0:02:03]} 18. Qd1 {[%clk 0:01:53]} Nf6
{[%clk 0:02:03]} 19. Nd2 {[%clk 0:01:51]} Qe8 {[%clk 0:02:01]} 20. Bd3
{[%clk 0:01:50]} Qg6 {[%clk 0:01:57]} 21. Ne2 {[%clk 0:01:47]} f4
{[%clk 0:01:45]} 22. Nxd4 {[%clk 0:01:37]} cxd4 {[%clk 0:01:44]} 23. Qe1
{[%clk 0:01:29]} fxg3 {[%clk 0:01:35]} 24. Qxg3 {[%clk 0:01:25]} Qh6
{[%clk 0:01:36]} 25. Rf2 {[%clk 0:01:18]} Rae8 {[%clk 0:01:33]} 26. c5
{[%clk 0:01:03]} Nh5 {[%clk 0:01:32]} 27. Qg2 {[%clk 0:00:25]} Nf4
{[%clk 0:01:32]} 28. Qf1 {[%clk 0:00:25]} Nh3+ {[%clk 0:01:32]} 29. Kh1
{[%clk 0:00:21]} Nxf2+ {[%clk 0:01:17]} 30. Qxf2 {[%clk 0:00:21]} Bg4
{[%clk 0:01:09]} 31. Qe2 {[%clk 0:00:09]} Rxf3 {[%clk 0:01:00]} 32. Nxf3
{[%clk 0:00:08]} Rf8 {[%clk 0:01:01]} 0-1

[Event "Blondes - Brunettes"]
[Site "Moscow"]
[Date "2020.03.15"]
[Round "8.2"]
[White "Fominykh, Maria"]
[Black "Goryachkina, Aleksandra"]
[Result "1-0"]
[BlackElo "2441"]
[WhiteElo "2108"]
[LiveChessVersion "1.4.8"]

1. d4 {[%clk 0:03:02]} d5 {[%clk 0:03:02]} 2. Nf3 {[%clk 0:03:03]} Nf6
{[%clk 0:03:03]} 3. c4 {[%clk 0:03:04]} e6 {[%clk 0:03:01]} 4. Nc3
{[%clk 0:02:50]} c6 {[%clk 0:03:02]} 5. e3 {[%clk 0:02:45]} Nbd7 {[%clk 0:03:02]}
6. Be2 {[%clk 0:02:45]} Bd6 {[%clk 0:03:02]} 7. O-O {[%clk 0:02:45]} O-O
{[%clk 0:03:02]} 8. b3 {[%clk 0:02:46]} b6 {[%clk 0:03:02]} 9. Bb2
{[%clk 0:02:47]} Bb7 {[%clk 0:03:03]} 10. Qc2 {[%clk 0:02:29]} h6
{[%clk 0:03:03]} 11. e4 {[%clk 0:02:26]} Nxe4 {[%clk 0:02:58]} 12. Nxe4
{[%clk 0:02:27]} dxe4 {[%clk 0:02:58]} 13. Qxe4 {[%clk 0:02:28]} Nf6
{[%clk 0:02:58]} 14. Qc2 {[%clk 0:02:23]} c5 {[%clk 0:02:54]} 15. Rad1
{[%clk 0:02:17]} Qe7 {[%clk 0:02:46]} 16. Rfe1 {[%clk 0:02:12]} cxd4
{[%clk 0:02:45]} 17. Nxd4 {[%clk 0:02:08]} Bb4 {[%clk 0:02:44]} 18. Bc3
{[%clk 0:01:47]} Rfd8 {[%clk 0:02:34]} 19. Bf3 {[%clk 0:01:39]} Bxf3
{[%clk 0:02:30]} 20. Nxf3 {[%clk 0:01:38]} a5 {[%clk 0:02:21]} 21. Nd4
{[%clk 0:01:35]} Qc5 {[%clk 0:02:16]} 22. h3 {[%clk 0:01:17]} Rd6
{[%clk 0:02:14]} 23. Nb5 {[%clk 0:01:15]} Rxd1 {[%clk 0:02:00]} 24. Rxd1
{[%clk 0:01:17]} Bxc3 {[%clk 0:01:55]} 25. Qxc3 {[%clk 0:01:12]} Rc8
{[%clk 0:01:50]} 26. Qd4 {[%clk 0:01:12]} Qc6 {[%clk 0:01:32]} 27. Na7
{[%clk 0:01:12]} e5 {[%clk 0:01:22]} 28. Nxc6 {[%clk 0:00:59]} 1-0

[Event "Blondes - Brunettes"]
[Site "Moscow"]
[Date "2020.03.15"]
[Round "8.3"]
[White "Larina, Maria"]
[Black "Bodnaruk, Anastasia"]
[Result "0-1"]
[BlackElo "2415"]
[WhiteElo "1776"]
[LiveChessVersion "1.4.8"]

1. e4 {[%clk 0:03:04]} c5 {[%clk 0:03:03]} 2. Nc3 {[%clk 0:03:04]} d6
{[%clk 0:03:04]} 3. d4 {[%clk 0:03:05]} cxd4 {[%clk 0:03:03]} 4. Qxd4
{[%clk 0:03:06]} Nc6 {[%clk 0:03:04]} 5. Qd2 {[%clk 0:03:07]} g6 {[%clk 0:02:55]}
6. b3 {[%clk 0:03:07]} Bh6 {[%clk 0:02:50]} 7. f4 {[%clk 0:03:08]} Nf6
{[%clk 0:02:43]} 8. Bb2 {[%clk 0:03:09]} O-O {[%clk 0:02:34]} 9. O-O-O
{[%clk 0:03:05]} a5 {[%clk 0:02:05]} 10. a4 {[%clk 0:03:06]} Nb4 {[%clk 0:01:55]}
11. Nge2 {[%clk 0:02:52]} Bd7 {[%clk 0:01:42]} 12. Nd4 {[%clk 0:02:38]} Rc8
{[%clk 0:01:20]} 13. Kb1 {[%clk 0:02:39]} Bg7 {[%clk 0:00:45]} 14. Bb5
{[%clk 0:02:08]} Bg4 {[%clk 0:00:25]} 15. Rc1 {[%clk 0:02:05]} e5
{[%clk 0:00:23]} 16. Nde2 {[%clk 0:01:57]} Qe7 {[%clk 0:00:15]} 17. h3
{[%clk 0:01:55]} Bxe2 {[%clk 0:00:15]} 18. Bxe2 {[%clk 0:01:48]} exf4
{[%clk 0:00:15]} 19. Qxf4 {[%clk 0:01:43]} Rxc3 {[%clk 0:00:09]} 20. Bxc3
{[%clk 0:01:42]} Nfd5 {[%clk 0:00:10]} 21. exd5 {[%clk 0:01:38]} Nxd5
{[%clk 0:00:11]} 22. Qc4 {[%clk 0:01:13]} Nxc3+ {[%clk 0:00:11]} 23. Qxc3
{[%clk 0:01:12]} Bxc3 {[%clk 0:00:12]} 24. Bd3 {[%clk 0:01:13]} d5
{[%clk 0:00:13]} 25. h4 {[%clk 0:01:12]} Qa3 {[%clk 0:00:14]} 0-1

[Event "Blondes - Brunettes"]
[Site "Moscow"]
[Date "2020.03.15"]
[Round "8.4"]
[White "Zhukova, Natalia"]
[Black "Charochkina, Daria"]
[Result "0-1"]
[BlackElo "2332"]
[WhiteElo "2423"]
[LiveChessVersion "1.4.8"]

1. c4 {[%clk 0:03:03]} e5 {[%clk 0:02:59]} 2. Nc3 {[%clk 0:03:04]} Nf6
{[%clk 0:03:00]} 3. Nf3 {[%clk 0:03:05]} Nc6 {[%clk 0:03:01]} 4. g3
{[%clk 0:03:06]} d5 {[%clk 0:03:00]} 5. cxd5 {[%clk 0:03:07]} Nxd5
{[%clk 0:03:01]} 6. Bg2 {[%clk 0:03:08]} Nb6 {[%clk 0:03:02]} 7. O-O
{[%clk 0:03:08]} Be7 {[%clk 0:03:02]} 8. a3 {[%clk 0:03:09]} O-O {[%clk 0:03:02]}
9. b4 {[%clk 0:03:10]} Re8 {[%clk 0:03:03]} 10. d3 {[%clk 0:03:06]} Bf8
{[%clk 0:03:01]} 11. Bg5 {[%clk 0:03:07]} f6 {[%clk 0:02:56]} 12. Bd2
{[%clk 0:03:01]} a5 {[%clk 0:02:49]} 13. b5 {[%clk 0:02:39]} Nd4 {[%clk 0:02:47]}
14. Nxd4 {[%clk 0:02:11]} exd4 {[%clk 0:02:47]} 15. Ne4 {[%clk 0:01:47]} a4
{[%clk 0:02:42]} 16. Bb4 {[%clk 0:01:36]} Bxb4 {[%clk 0:01:57]} 17. axb4
{[%clk 0:01:37]} Bd7 {[%clk 0:01:58]} 18. Nc5 {[%clk 0:01:34]} Bxb5
{[%clk 0:01:56]} 19. Nxb7 {[%clk 0:01:35]} Qe7 {[%clk 0:01:56]} 20. Na5
{[%clk 0:01:18]} Qxb4 {[%clk 0:00:54]} 21. Bxa8 {[%clk 0:01:12]} Rxa8
{[%clk 0:00:54]} 22. Nc4 {[%clk 0:01:10]} Nxc4 {[%clk 0:00:39]} 23. dxc4
{[%clk 0:01:11]} Qxc4 {[%clk 0:00:39]} 24. Rc1 {[%clk 0:01:04]} Qxe2
{[%clk 0:00:39]} 25. Qxd4 {[%clk 0:01:01]} Qf3 {[%clk 0:00:37]} 26. Rfe1
{[%clk 0:00:54]} Bc6 {[%clk 0:00:14]} 27. Kf1 {[%clk 0:00:31]} Qg2+
{[%clk 0:00:10]} 28. Ke2 {[%clk 0:00:32]} Qf3+ {[%clk 0:00:11]} 29. Kd2
{[%clk 0:00:32]} a3 {[%clk 0:00:07]} 30. Rc3 {[%clk 0:00:32]} Qg2
{[%clk 0:00:07]} 31. Re7 {[%clk 0:00:10]} a2 {[%clk 0:00:06]} 32. Qe3
{[%clk 0:00:07]} Qd5+ {[%clk 0:00:05]} 33. Rd3 {[%clk 0:00:08]} Qa5+
{[%clk 0:00:05]} 34. Ke2 {[%clk 0:00:09]} a1=Q {[%clk 0:00:04]} 35. Qe6+
{[%clk 0:00:06]} Kh8 {[%clk 0:00:05]} 36. Qf7 {[%clk 0:00:07]} Q1e1# 0-1